00204nam a2200073 4500082001200000245006100012260004700073300001000120 a662 AFR aAfrican programme on standardization and quality control aLondonbCommonwealth science councilc1982 a109 p